| 000 | 00675nam a2200217Ia 4500 | ||
|---|---|---|---|
| 005 | 20250108124950.0 | ||
| 008 | 008 250107s9999 xx 000 0 eng d | ||
| 037 | _aTB | ||
| 040 |
_aCRL _beng _cCRL |
||
| 041 |
_aeng _2eng |
||
| 084 | _aY72:1 152R1 | ||
| 084 | _qCRL | ||
| 100 |
_aSharma Deepak Au.; Sangeeta Singh Au.; Rasmeshwar Singh Au. _9730187 |
||
| 245 | 0 |
_aTextbook of neurobiology _cSharma Deepak Au.; Sangeeta Singh Au.; Rasmeshwar Singh Au. |
|
| 260 |
_aNew Delhi, India _bI.K. International _c2850 |
||
| 300 | _axii,379p. | ||
| 365 |
_aINR _b350 |
||
| 650 |
_aNEUROSCIENCES _928635 |
||
| 942 |
_cTB _hY72:1 152R1 |
||
| 999 |
_c1235238 _d1235238 |
||